000 01123cam a22002054a 4500
005 20250605164052.0
008 250528s ||||||||||||||||||||||||d
035 _a17320
020 _a582251605
040 _aGR-AtMCL
_bgre
_dGR-AtMCL
_eAACR2
245 1 _aTourism Analysis / A Handbook
250 _a2nd
260 _bLongman,
_c1995
300 _a326
520 _aThe text focuses on the issues, relationship to other research methods and procedure of the more important quantitative methods used by tourism planners, researchers and consultants. Preface, Acknowledgements, An Overview of Tourism Research, Defining and Describing Tourism, Collecting Data on Tourism, Understanding the Tourist, Segmenting the Tourism Market, Forecasting Tourism Demand and Market Trends, Selecting a Site for Business Development, Defining the Geographic Structure of the Industry, Describing Tourism Regions, Shadow Prices and Non-Market Valuation, Impact and Evaluation Methods, Appendix, References, Name and Subject Index.
700 1 _aSmith Stephen L.J
_93481
942 _cBK
999 _c2748
_d2748